000 00369nam a2200109Ia 4500
008 160531s9999 xx 000 0 und d
100 _aHausman, Daniel M.
245 _aValuing Health: Well-being, Freedom, And Suffering (population-level Bioethics)
245 _cBy:Daniel M. Hausman
260 _c2015
856 _uhttp://file.ebook777.com/ValHeaWelFreAndSuf(poBio.pdf
999 _c295349
_d295349